000 00659nam a22001937a 4500
005 20171120125410.0
010 _aENG-121500
020 _a9789325981027
_c175.00
035 _aEN-105032
037 _bDBAD/PUB
082 _a690
100 _aBhavikatti,S.S.
245 _aBuilding material and construction /
_cby S.S.Bhavikatti
260 _aNoida
_bVikas Publishing House
_c2017
270 _aE-28, Sector 8,
_bNoida (UP)
_e201301
300 _axv,234p.:
_c25cm(pbk)
_bill.
505 _aAs papers III semester diploma in civil engineering syllabus of West Bengal State council of technical education.
942 _2ddc
_cEN
_h690
_mBHA
999 _c147583
_d147583